| 000 | 01462nam a22002657a 4500 | ||
|---|---|---|---|
| 003 | URS | ||
| 005 | 20250909091600.0 | ||
| 008 | 250909b |||||||| |||| 00| 0 eng d | ||
| 050 | 0 | 0 |
_aLG 221.R59 _b.Es81 2024 |
| 100 | 1 |
_aCanolo, Liza Mae P. _eResearcher |
|
| 245 | 1 | 0 |
_aEstablishment of Jeiju's Bibimbap in Montalban Town Center, San Jose Rodriguez Rizal/ _cLiza Mae P. Canolo [et.al] |
| 260 | 1 | _c2024 | |
| 300 |
_axxiii, 216 leaves; _bIllustrations _c28cm |
||
| 336 |
_2rdacontent _atext |
||
| 337 |
_2 rdamedia _aunmediated |
||
| 338 |
_2rdacarrier _avolume |
||
| 502 |
_aUndergraduate Thesis
_bBachelor of Science in Office Administration Major in Human Resource Management _cUniversity of Rizal System, Rodriguez Rizal _d2024 |
||
| 520 | _aIn conclusion the study undertaken by the proponents was feasible It there is a opportunity that this study will be implemented in the future with the power of four proponents hands they will be humbled to start it and become a successful entrepreneurs in the near future By promoting its unique features, ensuring ingredient availability, considering changes in culture, and securing funding, the chances of success may be increased | ||
| 650 | _2establishment of Jeiju;s Bibimbap | ||
| 700 |
_aDelos Santos, Jazie Anne T. _eResearcher |
||
| 700 |
_aGado, Juliana Alliah F. _eResearcher |
||
| 700 |
_aGuzman, Angelou V. _eResearcher |
||
| 700 |
_aSoberano, Maricar O. _e Adviser |
||
| 942 |
_2lcc _cT |
||
| 999 |
_c85998 _d85996 |
||